[Event "SuperChess Cup Blitz 2019"]
[Site "Bucharest"]
[Date "2019.11.09"]
[Round "1.1"]
[White "Peptan, Corina-Isabela"]
[Black "Gavrilescu, David"]
[Result "1-0"]
[WhiteElo "2334"]
[BlackElo "2274"]
[Annotator "TA"]
[PlyCount "133"]
[EventDate "2019.11.06"]
[EventType "tourn"]
[EventCountry "ROU"]
[SourceTitle "playchess.com"]
[Source "ChessBase"]
[SourceQuality "1"]

{[%evp 9,133,-34,-27,-27,-27,-25,-22,-26,-4,-43,-33,-100,-38,-45,-43,-42,-50,-47,-41,-29,-47,-60,-6,-66,-54,-78,-95,-88,-57,-52,-48,-55,-55,-56,-18,-17,-13,-14,0,-5,6,0,31,25,61,63,121,117,138,125,157,157,248,243,243,240,230,206,212,203,265,256,258,85,85,87,87,85,125,97,117,94,120,117,117,125,126,112,108,78,78,61,78,78,78,78,78,78,78,78,78,78,78,78,104,78,78,78,78,78,78,78,80,2,2,2,160,160,188,183,260,260,275,279,481,462,891,812,812,812,812,812,777,777,721,713]} 1. c4 e6 2. Nc3 d5 3. d4 Bb4 4. e3 Nf6 5. Nge2 dxc4 (5... c6 6. a3 Ba5 7. Ng3 O-O 8. Bd3 dxc4 9. Bxc4 e5 10. O-O Nbd7 11. Ba2 Bc7 12. d5 cxd5 13. Bxd5 Nxd5 14. Nxd5 {1-0 (66) Zubov,A (2597)-Carlsen,M (2835) St Petersburg 2018}) 6. a3 {E40: Nimzo-Indian: Rubinstein (4 e3): Unusual Black 4th moves} Ba5 7. Qa4+ Nc6 8. Qxc4 {The position is equal.} O-O 9. Ng3 $146 ({Predecessor:} 9. b4 Bb6 10. g3 e5 11. d5 Ne7 12. Bg2 c6 13. e4 cxd5 14. exd5 {1-0 (43) Gungl,T (2368)-Yeritsyan,A (2349) Marianske Lazne 2019}) 9... e5 10. d5 ({Better is} 10. dxe5 $15 Be6 11. Qa4 Bxc3+ 12. bxc3 Nxe5 13. Qd4) 10... Qxd5 (10... Bxc3+ $17 11. Qxc3 Qxd5) 11. b4 $15 Qxc4 12. Bxc4 Bb6 13. Bb2 Re8 14. O-O Be6 15. Bb5 Rad8 ({Black should play} 15... a6 $15 16. Ba4 a5) 16. Bxc6 (16. Na4 $11) 16... bxc6 17. Nge4 Nxe4 18. Nxe4 f6 19. Rfc1 Bf5 20. Nc5 Rd2 21. Bc3 Rd6 22. Be1 Bxc5 23. Rxc5 Red8 24. f3 Bd3 25. a4 Rb8 26. Rac1 Rb7 27. Rxc6 Rd7 (27... Rxc6 $14 28. Rxc6 Bg6) 28. b5 $16 Kf7 29. Ba5 Ke7 30. Bxc7 a6 (30... Be2 $16 31. R6c5 Rd2) 31. b6 $18 ({Don't play} 31. bxa6 $6 Ra7) 31... Bf5 32. e4 Be6 33. f4 exf4 34. Bxf4 g5 35. Be3 h6 36. Rc7 $2 (36. Kf2 $18 {is more deadly.}) 36... Rdxc7 $16 37. bxc7 {[%mdl 4096] Endgame KRB-KRB} Bc8 38. a5 Rb5 39. Bb6 Re5 40. Rc4 h5 41. Rd4 {[#] Hoping for Rd8.} Bd7 42. h3 Rb5 43. Kh2 h4 44. Rc4 Bc8 45. Bc5+ Kd7 46. Bd4 f5 47. exf5 Rxf5 48. Bb6 Rd5 49. Re4 Kc6 50. Re8 Kb7 51. Rg8 Rb5 52. Rg7 Re5 53. Kg1 Rd5 54. Kf2 Re5 55. Kf3 Be6 56. Be3 (56. Rh7 $16) 56... Bd5+ $11 57. Kf2 Rf5+ $2 (57... Bxg2 $1 $11 58. Bxg5 Bxh3) 58. Kg1 $16 Bc6 59. Bxg5 Rxa5 (59... Bd7 {was necessary.} 60. Bxh4 Kxc7) 60. Bxh4 $18 Ra2 61. Bf6 a5 $2 (61... Ra5 62. g4 Rc5) 62. Be5 {White is clearly winning.} a4 (62... Bd5 $142 63. h4 Re2) 63. Rg8 {[#] Threatening mate with Rb8+.} Bd7 64. Rb8+ Kc6 65. c8=Q+ Bxc8 66. Rxc8+ Kd5 67. Bg7 {Accuracy: White = 49%, Black = 42%.} 1-0

[Event "SuperChess Cup Blitz 2019"]
[Site "Bucharest"]
[Date "2019.11.09"]
[Round "1.2"]
[White "Parligras, Mircea-Emilian"]
[Black "Deac, Bogdan-Daniel"]
[Result "1/2-1/2"]
[WhiteElo "2458"]
[BlackElo "2544"]
[Annotator "TA"]
[PlyCount "99"]
[EventDate "2019.11.06"]
[EventType "tourn"]
[EventCountry "ROU"]
[SourceTitle "playchess.com"]
[Source "ChessBase"]
[SourceQuality "1"]

{[%evp 12,99,29,14,10,0,10,8,9,7,7,0,0,7,7,0,0,-106,-113,-98,-15,-4,-6,-4,0,-55,-55,-75,-65,-66,-66,-94,0,0,0,0,0,0,-11,0,-12,-17,-21,-56,-23,-42,-45,-45,-9,-46,-12,-52,-41,-58,-37,-43,-10,-36,-32,-26,0,0,0,0,5,-25,-29,-50,0,0,-13,-9,0,0,0,-13,0,0,0,0,0,0,0,0,0,0,0,0,0,-16]} 1. e4 e5 2. Nf3 Nc6 3. Bc4 Bc5 4. d3 Nf6 5. O-O d6 6. c3 O-O 7. Nbd2 a5 {C54: Giuoco Piano: 4 c3 Nf6, main lines with 5 d4 and 5 d3} 8. h3 h6 9. Re1 Be6 10. Bb5 Qb8 11. Nf1 Qa7 12. Re2 Rfd8 13. Ng3 a4 {[#]} 14. Nh4 $146 {[#]} (14. d4 $11 {keeps the balance.} exd4 15. Bxc6 bxc6 16. cxd4) ({Predecessor:} 14. Bxc6 bxc6 15. d4 Bb6 16. Be3 Qa5 17. Rc2 Qb5 18. Qc1 exd4 19. cxd4 Nh5 20. Ne2 Nf6 21. Ng3 Nh5 22. Ne2 Nf6 23. Ng3 {½-½ (23) Caruana,F (2818)-Mamedyarov,S (2764) Saint Louis 2019}) 14... Ne7 $1 $36 {[%mdl 2048] White is under strong pressure.} 15. Bc4 d5 ({Black should play} 15... Bxc4 $17 16. dxc4 Qa6) 16. exd5 $11 Bxd5 17. Bxd5 Rxd5 18. Qc2 (18. Nf3 $11) 18... Rad8 $15 19. Be3 Rxd3 {[%cal Rc5e3]} 20. Bxc5 $1 Qxc5 21. Nf3 Nc6 (21... Ng6 $17 {Strongly threatening ...a3.} 22. Qxa4 {[#]} Rxf3 $1 {[%mdl 512]} 23. gxf3 Nf4) 22. Qxa4 $11 Qd5 23. Rae1 {[%cal Rf3e5]} Rd1 24. Rxd1 Qxd1+ 25. Qxd1 Rxd1+ 26. Kh2 Nd7 27. b4 f6 28. Rd2 Rxd2 29. Nxd2 $15 {[%mdl 4096] Endgame KNN-KNN} Ne7 30. c4 Kf7 31. Kg1 f5 32. Kf1 Ke6 33. Ke2 g6 34. Kd3 e4+ 35. Kc3 Ne5 36. a4 b6 37. Nb3 Kd6 38. Nd4 c5 39. bxc5+ Kxc5 40. Nb3+ {The position is equal.} Kd6 41. Nd4 Kc5 42. Nb3+ Kd6 43. Nd4 N7c6 (43... Nd3 {with more complications.} 44. f3 Ke5 45. fxe4 fxe4 46. Nge2 h5) 44. Nxc6 Nxc6 $11 {KN-KN} 45. Ne2 Ne5 46. Nd4 Kc5 47. Nb3+ Kd6 48. Nd4 Kc5 49. Nb3+ Kd6 50. Nd4 {Accuracy: White = 61%, Black = 61%.} 1/2-1/2

[Event "SuperChess Cup Blitz 2019"]
[Site "Bucharest"]
[Date "2019.11.09"]
[Round "1.3"]
[White "Lupulescu, Constantin"]
[Black "Georgescu, Tiberiu-Marian"]
[Result "1-0"]
[WhiteElo "2525"]
[BlackElo "2373"]
[Annotator "TA"]
[PlyCount "65"]
[EventDate "2019.11.06"]
[EventType "tourn"]
[EventCountry "ROU"]
[SourceTitle "playchess.com"]
[Source "ChessBase"]
[SourceQuality "1"]

{[%evp 15,65,53,58,59,60,53,54,56,55,28,31,24,21,25,25,25,86,93,100,102,103,104,123,123,138,123,121,105,129,74,85,64,169,172,424,434,407,385,584,574,525,473,444,289,768,246,1127,694,29990,29981,29991,29992]} 1. Nf3 g6 2. e4 Bg7 3. d4 d6 4. c3 Nf6 5. Bd3 O-O 6. O-O c5 7. h3 Nc6 8. d5 Ne5 9. Nxe5 {B07: Pirc Defence: Miscellaneous Systems} dxe5 10. c4 (10. Be3 c4 11. Bc2 Bd7 12. Nd2 Rc8 13. Nf3 Ne8 14. Qd2 Qc7 15. a4 a5 16. Rad1 Nd6 {1-0 (34) Nevednichy,V (2551)-Manolache,M (2509) Iasi 2016}) 10... Ne8 11. Be3 {White is slightly better.} b6 12. Nd2 Nd6 13. a3 f5 {[#] And now ...f4 would win.} 14. f3 e6 $146 ({Predecessor:} 14... a5 15. b4 f4 16. Bf2 Qc7 17. bxc5 bxc5 {½-½ (25) Potawad,A (1914)-Souhardo,B (2301) Ahmedabad 2019}) 15. b4 exd5 (15... Qc7 $11 {remains equal.}) 16. cxd5 $16 f4 17. Bf2 cxb4 18. axb4 Qg5 {Strongly threatening ...Bxh3.} 19. Kh2 Bd7 20. Qe2 Qe7 21. Rfc1 Rfc8 22. Ba6 (22. Rxc8+ $142 Nxc8 23. Bb5) 22... Rxc1 23. Rxc1 Be8 ({Better is} 23... Nf7 $14) 24. Nc4 $18 Nb5 $2 {[#]} (24... Nf7) 25. Nxb6 $1 {[%mdl 512]} axb6 26. Bxb5 Qxb4 (26... Bf7 $142 27. Rc6 Qxb4) 27. Bxe8 Rxe8 28. Rc7 Bf8 29. Qc2 Bd6 $2 (29... Bc5 30. Bxc5 bxc5) 30. Qc6 $2 (30. Rd7) 30... Rd8 $2 (30... Bxc7 31. Qxe8+ Qf8 32. Qe6+ Qf7) 31. Rb7 Qd2 32. Qxb6 Qxf2 33. Qxf2 {Accuracy: White = 68%, Black = 29%.} 1-0

[Event "SuperChess Cup Blitz 2019"]
[Site "Bucharest"]
[Date "2019.11.09"]
[Round "1.4"]
[White "Miron, Lucian-Costin"]
[Black "Cosma, Elena-Luminita"]
[Result "1-0"]
[WhiteElo "2432"]
[BlackElo "2199"]
[Annotator "TA"]
[PlyCount "111"]
[EventDate "2019.11.06"]
[EventType "tourn"]
[EventCountry "ROU"]
[SourceTitle "playchess.com"]
[Source "ChessBase"]
[SourceQuality "1"]

{[%evp 17,121,18,30,14,19,18,17,15,25,15,24,-8,0,0,17,0,0,0,0,-14,-10,-2,-8,-38,-31,-60,-17,-54,0,0,87,78,100,112,77,5,12,15,19,19,19,22,18,0,0,0,0,-54,0,0,0,0,0,0,8,8,8,8,26,26,26,26,46,28,35,49,75,14,17,8,29,29,29,29,29,29,29,34,46,8,11,0,8,0,8,8,1328,1125,2050,1899,6027,5110,5104,5104,29971,29971,29967,11519,5073,5073,29981,29982,29989,29990,29991,5102]} 1. d4 d5 2. c4 e6 3. Nc3 Nf6 4. cxd5 exd5 5. Bg5 c6 6. e3 Be7 7. Bd3 Nbd7 8. Nge2 Nh5 9. Bxe7 Qxe7 10. Qd2 {D35: Queen's Gambit Declined: Exchange Variation} g6 11. O-O O-O 12. f3 {The position is equal.} Nb6 13. a4 $146 ({Predecessor:} 13. Rae1 Be6 14. e4 dxe4 15. fxe4 Rad8 16. b3 Bg4 17. Qe3 f6 {1-0 (39) Ding,L (2782)-Inarkiev,E (2660) Baku 2015}) 13... a5 14. e4 dxe4 15. fxe4 Be6 16. Qe3 Nc4 17. Qc1 Nb6 18. Rf2 Rad8 19. Qe3 $36 {[%mdl 2048] Black is under pressure.} Nc4 20. Bxc4 Bxc4 21. Raf1 Qb4 22. Rf3 {With the idea g4.} Bxe2 (22... Rd7 $15) 23. Nxe2 $11 c5 (23... Rde8 $11) 24. d5 $16 ({Much worse is} 24. dxc5 $6 Qxb2 25. Nc3 Rd2 $11) 24... Qxb2 25. Nc3 {[#] Strongly threatening Rb1.} Qb4 26. Rb1 (26. e5 $16 {Hoping for e6.} Qd4 27. Rd1 Qxe3+ 28. Rxe3) 26... Qd4 $11 27. Rxb7 Nf6 28. Qxd4 cxd4 29. Rxf6 {aiming for Nb5.} dxc3 {[%mdl 4096] Endgame KRR-KRR} 30. Rc6 Rfe8 31. Rxc3 Rxe4 32. Rd3 (32. Rf3 $11) 32... Rd6 ({Black should try} 32... Rxa4 $15 33. Ra7 Ra2) 33. h3 Rxa4 34. Rf3 Rb4 35. Ra7 f5 36. Rc3 {Rc8+ would kill now.} Rb8 37. Rcc7 Rxd5 38. Rg7+ Kf8 39. Rxh7 {[%cal Rh7h8]} Kg8 40. Rag7+ Kf8 41. Rxg6 Rdb5 42. Ra7 (42. Ra6 $16) 42... R8b7 43. Rf6+ (43. Ra8+ {seems wilder.} Rb8 44. Raa6 Kf7 45. Rgc6 R8b7 46. Rh6) 43... Kg7 (43... Ke7 {looks sharper.} 44. Raa6 Ra7 45. Kh2 Rxa6 46. Rxa6 Kf7) 44. Rxb7+ Rxb7 45. Rxf5 {Rg5+ is the strong threat. KR-KR} Ra7 $1 46. Rf3 a4 47. Ra3 Kf6 48. Kh2 Ke5 49. h4 Kd4 50. g4 Kc4 51. Kg3 {White wants to play Kf4.} Kb4 $2 {[%mdl 8192]} (51... Kd5 $11) 52. Ra1 $18 a3 53. h5 Rd7 54. h6 Kb3 55. g5 Kb2 {[#]} 56. Rh1 {Played: Ra1xa3} 1-0

[Event "SuperChess Cup Blitz 2019"]
[Site "Bucharest"]
[Date "2019.11.09"]
[Round "1.5"]
[White "David, Alexandru-Vasile"]
[Black "Istratescu, Andrei"]
[Result "0-1"]
[WhiteElo "2361"]
[BlackElo "2604"]
[Annotator "TA"]
[PlyCount "68"]
[EventDate "2019.11.06"]
[EventType "tourn"]
[EventCountry "ROU"]
[SourceTitle "playchess.com"]
[Source "ChessBase"]
[SourceQuality "1"]

{[%evp 22,68,38,17,27,30,16,32,31,36,23,24,71,0,0,0,0,-14,-15,-19,-24,-19,-20,-134,-139,-125,-61,-386,-372,-341,-372,-339,-350,-635,-627,-832,-937,-854,-792,-1439,-1344,-1439,-1285,-1245,-1233,-29987,-29988,-29988,-29989]} 1. d4 g6 2. c4 Bg7 3. Nc3 d6 4. e4 e5 5. Nge2 Nd7 6. Be3 Ngf6 7. f3 c6 8. Qd2 O-O 9. d5 cxd5 10. cxd5 a6 11. g4 h5 12. h3 b5 {E89: King's Indian: Sämisch: 6...e5 7 d5 c6 8 Nge2 cxd5} 13. Ng3 (13. Rg1 h4 14. Nc1 Nh7 15. Nd3 Bf6 16. g5 Bg7 17. Nb4 f6 18. Nc6 Qe8 19. Bxb5 Nxg5 20. Be2 {1-0 (33) Bosiocic,M (2613)-Pasko,L (2436) Prishtina 2019}) 13... h4 14. Nge2 Nh7 {White is slightly better.} 15. Rg1 Nb6 16. b3 Kh8 $146 ({Predecessor:} 16... Nd7 17. Rc1 Bf6 18. g5 Bg7 19. Kd1 f6 20. gxf6 Qxf6 {½-½ (30) Cortes Olivares,R-Santana Penate,G ICCF email 2004}) 17. a4 (17. Nc1 $16) 17... bxa4 $11 18. Nxa4 Nxa4 19. Rxa4 Bd7 20. Ra3 f5 21. gxf5 gxf5 22. Nc3 {[#]} (22. Bh6 $11 {keeps the balance.} Rf7 23. Rxg7 Rxg7 24. Bxg7+ Kxg7 25. exf5) 22... f4 $1 $17 {[%cal Rf4e3]} 23. Bf2 Bf6 (23... Ng5 $17 24. Qd3 Qf6) 24. Rxa6 $2 {[%mdl 8192]} ({White should try} 24. Na4 $1 $15) 24... Rxa6 $19 25. Bxa6 Ng5 ({Not} 25... Bxh3 26. Qe2 $15) 26. Rxg5 Bxg5 27. b4 $2 (27. Bf1) 27... Bxh3 28. b5 Bg2 29. b6 h3 {[#] And now ...h2 would win.} 30. Bg1 Bh4+ 31. Kd1 Bxf3+ 32. Kc1 Rg8 33. Bf2 h2 34. Bxh4 h1=Q+ {Accuracy: White = 32%, Black = 75%.} 0-1

[Event "SuperChess Cup Blitz 2019"]
[Site "Bucharest"]
[Date "2019.11.09"]
[Round "2.1"]
[White "Gavrilescu, David"]
[Black "Istratescu, Andrei"]
[Result "0-1"]
[WhiteElo "2274"]
[BlackElo "2604"]
[Annotator "TA"]
[PlyCount "52"]
[EventDate "2019.11.06"]
[EventType "tourn"]
[EventCountry "ROU"]
[SourceTitle "playchess.com"]
[Source "ChessBase"]
[SourceQuality "1"]

{[%evp 12,52,4,7,8,18,22,4,9,3,10,3,16,8,12,14,22,0,0,-43,-43,-73,-73,-127,-113,-102,-103,-101,-107,-200,-204,-220,-208,-205,-203,-460,-445,-745,-705,-29991,-29992,-29992,-854]} 1. e4 Nf6 2. Nc3 e5 3. Bc4 Nc6 4. d3 Bb4 5. Nge2 Na5 6. O-O Nxc4 7. dxc4 d6 {C28: Vienna Game: 2...Nf6 3 Bc4 Nc6} (7... O-O 8. Bg5 Be7 9. Qd3 d6 10. Rad1 Be6 11. b3 Nd7 12. Bxe7 Qxe7 13. Qe3 f5 14. exf5 Rxf5 15. Nb5 Nb6 16. a4 Nc8 {½-½ (69) Rublevsky,S (2695)-Najer,E (2633) Khanty-Mansiysk 2013}) 8. Bg5 Bxc3 9. Nxc3 Be6 {The position is equal.} 10. b3 $146 ({Predecessor:} 10. Qd3 h6 11. Bxf6 Qxf6 12. c5 O-O-O 13. c6 bxc6 14. Qa6+ {½-½ (34) Nokes,R (2310)-West,G (2347) Canterbury 2003}) 10... h6 $1 {[%cal Rh6g5]} 11. Be3 b6 12. a4 a5 13. h3 g5 14. Qd3 Rg8 15. Ne2 Nh5 16. Ng3 Nf4 17. Qd1 (17. Qd2 $142) 17... Qd7 $17 18. Re1 Rg6 19. c3 {[#]} h5 $1 {[%mdl 512]} 20. Bxf4 ({Don't go for} 20. Nxh5 $2 Bxh3 $1 {[%mdl 512]} 21. f3 Nxg2 $19) (20. Ra2 $17 {was necessary.}) 20... gxf4 $19 21. Nf5 Bxf5 22. exf5 Qxf5 23. Qf3 $2 (23. Kh1 {was called for.}) 23... O-O-O 24. c5 (24. Qe4 $142 Qxe4 25. Rxe4) 24... Rdg8 25. cxb6 Rxg2+ 26. Kh1 {[#]} R8g3 {Played: Rg2-g3} 0-1

[Event "SuperChess Cup Blitz 2019"]
[Site "Bucharest"]
[Date "2019.11.09"]
[Round "2.2"]
[White "Cosma, Elena-Luminita"]
[Black "David, Alexandru-Vasile"]
[Result "0-1"]
[WhiteElo "2199"]
[BlackElo "2361"]
[Annotator "TA"]
[PlyCount "74"]
[EventDate "2019.11.06"]
[EventType "tourn"]
[EventCountry "ROU"]
[SourceTitle "playchess.com"]
[Source "ChessBase"]
[SourceQuality "1"]

{[%evp 13,74,14,37,43,50,41,37,18,28,40,37,32,27,18,31,16,15,0,0,0,0,2,13,0,43,43,37,43,45,45,48,26,32,0,12,-8,-8,-8,0,-143,-147,-131,-133,-166,-108,-108,-108,-108,-108,-175,-187,-191,-191,-191,-191,-206,-201,-311,-288,-29980,-29981,-29973,-5858]} 1. d4 Nf6 2. Nf3 e6 3. c4 b6 4. g3 Bb7 5. Bg2 Be7 6. O-O O-O 7. Re1 Qc8 8. Nc3 {E17: Queen's Indian: 4 g3 Bb7 5 Bg2 Be7} Ne4 9. Nxe4 (9. Bd2 d6 10. d5 Nxd2 11. Qxd2 e5 12. e4 a5 13. h4 Na6 14. Kh2 Nc5 15. Bh3 Qd8 {½-½ (78) Giri,A (2779)-Kramnik,V (2753) Amsterdam 2019}) 9... Bxe4 10. Bg5 {White is slightly better.} Bb4 $146 ({Predecessor:} 10... f6 11. Bf4 a5 12. Bh3 Nc6 13. Rc1 Nd8 14. Nd2 Bb7 15. d5 Nf7 {1-0 (41) Dothan,Y (2603)-Avellan,G (2257) ICCF email 2012}) 11. Bd2 Bxd2 12. Nxd2 Bxg2 13. Kxg2 d6 14. Nf3 Nd7 15. b4 Qb7 16. Qd3 Rfe8 17. e4 e5 18. d5 c5 19. b5 a6 20. a4 Ra7 21. Nd2 h5 22. h3 Rea8 23. Qc3 Nf6 24. Reb1 axb5 25. axb5 Qd7 26. f3 {[#]} (26. h4 $11) 26... h4 $1 $17 {[%cal Rh4g3] ...hxg3 is the strong threat.} ({Stronger than} 26... Ra2 27. Rxa2 Rxa2 28. Ra1 $11) 27. g4 Nh7 28. Nb3 Nf8 (28... Ra2+ $19 29. Rxa2 Rxa2+ 30. Rb2 Qa7) 29. Rxa7 Rxa7 30. Ra1 Ng6 31. Rxa7 (31. Kh2 $17 {keeps fighting.}) 31... Nf4+ $19 32. Kh2 Qxa7 33. Qa1 Qxa1 34. Nxa1 Nd3 35. Nb3 (35. Nc2 $142) 35... Kh7 36. Na5 $2 {[#]} (36. Kg2 $19) 36... bxa5 37. b6 Nb4 {Accuracy: White = 35%, Black = 71%.} 0-1

[Event "SuperChess Cup Blitz 2019"]
[Site "Bucharest"]
[Date "2019.11.09"]
[Round "2.3"]
[White "Georgescu, Tiberiu-Marian"]
[Black "Miron, Lucian-Costin"]
[Result "0-1"]
[WhiteElo "2373"]
[BlackElo "2432"]
[Annotator "TA"]
[PlyCount "100"]
[EventDate "2019.11.06"]
[EventType "tourn"]
[EventCountry "ROU"]
[SourceTitle "playchess.com"]
[Source "ChessBase"]
[SourceQuality "1"]

{[%evp 9,100,12,9,12,7,4,21,29,40,-13,34,32,41,15,22,0,3,-14,-18,-11,15,0,0,0,3,0,0,0,7,9,68,89,141,111,129,130,173,179,345,167,179,170,175,168,205,203,203,201,218,206,206,152,157,158,187,128,142,129,222,114,137,75,112,70,136,1,1,1,90,0,14,0,91,87,246,210,211,211,489,165,156,19,22,23,23,0,0,-317,-280,-29997,-29998,-29998,-29999]} 1. d4 d5 2. c4 c6 3. Nf3 Nf6 4. Nbd2 Bf5 5. Nh4 (5. Qb3 Qb6 6. Nh4 Be4 7. e3 e6 8. Be2 Be7 9. Nxe4 dxe4 10. g3 c5 11. Bd2 cxd4 12. exd4 Nc6 13. Bc3 O-O-O {1-0 (49) Mamedyarov,S (2808)-So,W (2778) Leuven 2018}) 5... Be4 6. Qb3 {D11: Slav Defence: 3 Nf3 sidelines and 3...Nf6 4 e3 Bg4} Qc7 7. Nxe4 dxe4 8. g3 {The position is equal.} Nbd7 $146 ({Predecessor:} 8... e6 9. Ng2 c5 10. d5 exd5 11. cxd5 c4 12. Qa4+ Nbd7 {0-1 (49) Chevannes,S (2200)-Sebag,M (2510) Warsaw 2013}) 9. Bf4 ({Better is} 9. Bh3 $14) 9... Qa5+ 10. Bd2 Qc7 11. Ng2 e5 12. dxe5 Nxe5 13. Ne3 Bc5 14. Bg2 Rd8 15. Rd1 O-O 16. O-O g6 17. Bb4 Bxb4 18. Qxb4 b6 19. c5 b5 (19... Rfe8 $11) 20. Rd6 $14 a5 ({Black should try} 20... Rxd6 21. cxd6 Qb6) 21. Qd4 $36 {[%mdl 2048] White is in control.} Qe7 22. Rd1 {[%cal Rd6d8]} Rd7 23. Bxe4 Rfd8 $2 (23... Nxe4 24. Qxe4 (24. Rxd7 Nxd7 25. Qxd7 Qf6 $11) 24... Nc4 25. Qxe7 (25. Qxc6 Nxd6 26. cxd6 Qe6 $14) 25... Rxe7) 24. Bg2 (24. f4 $142 Nc4 25. Nxc4 (25. Qxf6 Nxd6 26. Ng4 Qxf6 $16) 25... bxc4 26. Qe5 (26. Bxc6 Rxd6 27. cxd6 Qxe2 $18) 26... Qxe5 27. fxe5 Rxd6 28. Rxd6 Rxd6 29. exd6) 24... Ne8 $18 25. Rxd7 Rxd7 26. Qc3 {Hoping for Rxd7.} b4 27. Rxd7 Nxd7 28. Qd4 Nxc5 29. Bxc6 Nf6 30. Nd5 Nxd5 31. Bxd5 Nd7 {[#]} 32. e3 ({White should play} 32. Qa7 $1 $18 {Bc6 is the strong threat.} Qd8 33. Kg2) 32... Ne5 $16 33. Kg2 h5 (33... Qc7 $16 {was called for.} 34. h3 Nd7) 34. h4 (34. Qb6 $18) 34... Kh7 35. Qf4 (35. Qb6 $142) 35... Kg7 36. e4 Qe8 (36... Ng4 $14) 37. b3 (37. a3 $16) 37... Qe7 $11 38. Qe3 Kh7 (38... Qc7 $11) 39. Qf4 (39. Qb6 $16) 39... Kg7 40. Qe3 (40. Kf1 $11) 40... Kh7 $16 41. Qb6 Nd3 $2 (41... Qd7 $16 {was worth a try.}) 42. Qxa5 Qf6 43. Qa7 Kg7 $2 {[#]} (43... Kg8 44. Bc4 Ne1+ 45. Kf1 Nf3) 44. Qe3 $2 (44. Bxf7 $1 {[%mdl 512] Black must now prevent Bc4+.} Ne5 (44... Qxf7 45. Qd4+) 45. Bc4+ Kh6 46. Be2) 44... Qc3 45. Kh2 (45. e5 $16) 45... Qc2 $1 $11 46. Qd4+ Kg8 47. Bc4 Nxf2 48. Qd8+ $2 {[%mdl 8192] [#]} (48. Bxf7+ $1 $11 Kxf7 49. Qd7+ Kf8 50. Qd6+ Kf7 51. Qd7+ Kg8 52. Qe8+ Kh7 53. Qe7+ Kh8 54. Qf8+ Kh7 55. Qe7+ Kh6 56. Qf8+ Kh7 57. Qe7+) 48... Kh7 $1 $19 {[%mdl 512] ( -> ...Ng4+!)} 49. g4 $2 (49. Qd4 $19 Ng4+ {[%mdl 64] Discovered Attack (Double check)} 50. Kg1) 49... Nxg4+ 50. Kg3 Qf2+ {Accuracy: White = 27%, Black = 36%.} 0-1

[Event "SuperChess Cup Blitz 2019"]
[Site "Bucharest"]
[Date "2019.11.09"]
[Round "2.4"]
[White "Deac, Bogdan-Daniel"]
[Black "Lupulescu, Constantin"]
[Result "1/2-1/2"]
[WhiteElo "2544"]
[BlackElo "2525"]
[Annotator "TA"]
[PlyCount "48"]
[EventDate "2019.11.06"]
[EventType "tourn"]
[EventCountry "ROU"]
[SourceTitle "playchess.com"]
[Source "ChessBase"]
[SourceQuality "1"]

{[%evp 9,48,6,8,-21,-27,-41,17,0,0,0,0,0,0,0,0,0,0,0,5,0,0,0,0,0,0,0,0,-20,0,0,0,0,0,0,0,0,0,0,0,0,0]} 1. d4 d5 2. c4 e6 3. Nf3 Nf6 4. Nc3 Nbd7 5. e3 a6 6. c5 {D37: Queen's Gambit Declined: 5 Bf4} (6. b3 b6 7. Bb2 Bb7 8. Bd3 Bd6 9. O-O O-O 10. a4 a5 11. Rc1 Rc8 12. cxd5 Nxd5 13. Nb5 Nb4 14. Bb1 Be7 15. e4 Ba6 16. Re1 c6 17. Nc3 Nf6 {0-1 (53) Anton Guijarro,D (2650)-Vitiugov,N (2726) Tallinn 2016}) 6... b6 7. b4 c6 (7... a5 $15 8. c6 axb4 9. cxd7+ Bxd7) 8. Rb1 {The position is equal.} a5 $146 {next ...axb4 is good for Black.} ({Predecessor:} 8... bxc5 9. bxc5 Qa5 10. Bd2 Qc7 11. Qa4 e5 12. h3 h5 13. Be2 g6 14. Nxd5 Nxd5 15. Ba5 {1-0 (25) Mihajlov,S (2085)-Kamps,R (1636) Goch 2009}) 9. a3 Be7 10. Bd3 axb4 11. axb4 bxc5 12. bxc5 Ba6 13. O-O O-O 14. Qe2 Bxd3 15. Qxd3 Qc7 16. e4 dxe4 17. Nxe4 Rfd8 18. Nxf6+ Bxf6 19. Qe4 e5 20. dxe5 Nxe5 21. Bf4 {[%cal Rf3e5]} Nxf3+ 22. Qxf3 Be5 23. Bxe5 Qxe5 24. Qxc6 Rac8 {Accuracy: White = 50%, Black = 80%.} 1/2-1/2

[Event "SuperChess Cup Blitz 2019"]
[Site "Bucharest"]
[Date "2019.11.09"]
[Round "2.5"]
[White "Peptan, Corina-Isabela"]
[Black "Parligras, Mircea-Emilian"]
[Result "0-1"]
[WhiteElo "2334"]
[BlackElo "2458"]
[Annotator "TA"]
[PlyCount "38"]
[EventDate "2019.11.06"]
[EventType "tourn"]
[EventCountry "ROU"]
[SourceTitle "playchess.com"]
[Source "ChessBase"]
[SourceQuality "1"]

{[%evp 15,60,-17,-22,-34,-42,-36,-30,-70,-47,-71,-52,-61,-9,-12,-9,-23,-13,-20,-17,-99,-16,-29,0,-156,-58,-252,-235,-29993,-210,-190,-183,-718,-764,-743,-717,-996,-952,-802,-188,-350,-341,-29982,-29983,-29988,-29982,-29992,-29993]} 1. d4 Nf6 2. Nf3 d5 3. c4 e6 4. Nc3 Bb4 5. Qb3 c5 6. e3 Nc6 7. dxc5 O-O 8. Bd2 Bxc5 9. cxd5 {D38: Queen's Gambit Declined: Ragozin Defence (4 Nf3 Bb4)} (9. Qc2 Qe7 10. a3 Bd6 11. Be2 dxc4 12. Bxc4 b6 13. O-O Bb7 14. e4 Rac8 15. Bd3 Rfd8 16. Bg5 Ne5 17. Nxe5 Bxe5 {0-1 (31) Adianto,U (2554)-Drozdovskij,Y (2587) Beijing 2008}) 9... exd5 10. Na4 Be7 11. Bb5 $146 {Black has an edge.} ({Predecessor:} 11. Be2 Ne4 12. Rd1 Nxd2 13. Rxd2 {½-½ (45) Keresztes,Z (2011)-Csikos,M (2118) Hungary 2015}) 11... Be6 12. Bxc6 bxc6 13. Nd4 c5 ({Black should play} 13... Rc8 $15) 14. Nc6 $11 Qc7 15. Nxe7+ Qxe7 16. O-O Ne4 17. Rfd1 {[#]} (17. Qc2 $11 {remains equal.}) 17... Rac8 (17... Qg5 $1 $17 18. f4 Qh5) 18. Be1 Rfd8 19. Qa3 $2 (19. Rac1 $11) 19... Bg4 {Played: Qe7-g5} 0-1